Top 10 Smallest Countries - Statistics

General Stats
  • This quiz has been taken 29 times
  • The average score is 8 of 10
Answer Stats
Hint Answer % Correct
0.49 km^2 Vatican City
100%
60 km^2 San Marino
97%
2 km^2 Monaco
93%
30 km^2 Tuvalu
90%
20 km^2 Nauru
86%
160 km^2 Liechtenstein
83%
320 km^2 Malta
83%
260 km^2 Saint Kitts and Nevis
79%
300 km^2 Maldives
69%
180 km^2 Marshall Islands
66%
No matching quizzes found
Score Distribution
Percent of People with Each Score
Percentile by Number Answered
Your Score History
You have not taken this quiz